00653nam a2200217Ia 4500003000400000005001700004008004100021020001500062040001800077041000800095082002200103100002100125245010100146250001200247260004200259300002900301650002600330650002600356650003100382700002200413OSt20250529114452.0210716s2003 xx 000 0 und d a8177223275 cAIMIT LIBRARY aeng a006.671 21bTROA aTrottier, Alain. aJava 2 version 1.4 : bprogramming little black book /cBy Alain Trottier Edited by Al Williams. a1st ed. aNew Delhi :bDreamtech Press ,c2003. axiv,438p. ;bPBc24.5 cm aEssential java syntax aBlocks and statements aJava database connectivity aWilliams, Al, ed.